000 00556nam a2200205Ia 4500
005 20250508164401.0
008 008 250505s9999 xx 000 0 hin d
020 _a81-267-0345-8
037 _aTextual
040 _aFEDL
_beng
_cFEDL
041 _ahin
_2eng
084 _a891.433, BHA
_qFEDL
100 _aBhandari Mannu
245 0 _aPratinidhi kahaniyan
260 _aNew Delhi, India
_bRajkamal Parkashan Pvt. Ltd.
_c2001
300 _a143p.
365 _aINR
_b60
942 _cTEXL
_h891.433, BHA
999 _c1388865
_d1388865